[Event "Hong Kong Jolimark op"]
[Site "Hong Kong"]
[Date "2018.12.24"]
[Round "4"]
[White "Chen, Kai Chun"]
[Black "Danzanjunai, Ganbat"]
[Result "0-1"]
[WhiteElo "1370"]
[BlackElo "1365"]
[PlyCount "110"]
[EventDate "2018.12.22"]
[EventType "swiss"]
[EventRounds "9"]
[EventCountry "HKG"]
[SourceTitle "CBM 188 Extra"]
[Source "ChessBase"]
[SourceDate "2019.02.28"]
[SourceVersion "1"]
[SourceVersionDate "2019.02.28"]
[SourceQuality "1"]

1. e4 e5 2. Nf3 Nc6 3. Bc4 Bc5 4. d3 d6 5. Nc3 Nf6 6. Bg5 Bg4 7. h3 Bxf3 8. Qxf3 Nd4 9. Qd1 c6 10. Qd2 h6 11. Be3 b5 12. Bb3 Qb6 13. Bxd4 Bxd4 14. 0-0 a5 15. a4 b4 16. Nd1 0-0 17. Ne3 Bxe3 18. Qxe3 Qxe3 19. fxe3 d5 20. exd5 Nxd5 21. Rae1 Ra7 22. e4 Nb6 23. Rf5 Re7 24. Re3 Nd7 25. Bc4 Nb6 26. Bb3 Nd7 27. Bc4 Nb6 28. Bb3 Rc8 29. Rg3 Kf8 30. Rgf3 f6 31. Rf1 c5 32. c4 Rd8 33. Bc2 b3 34. Bxb3 Rxd3 35. Rxf6+ gxf6 36. Rxf6+ Kg7 37. Rxb6 Rd2 38. Rb5 Rxb2 39. Bd1 Rxb5 40. cxb5 Rd7 41. Bb3 Rd4 42. Bd5 Rxa4 43. b6 Rb4 44. b7 a4 45. Kh2 a3 46. Kg3 Rxb7 47. Ba2 Rb2 48. Bc4 a2 49. Bxa2 Rxa2 50. Kh2 c4 51. Kg3 c3 52. Kh4 c2 53. g4 c1Q 54. Kg3 Qg1+ 55. Kh4 Rh2 0-1